000 00485nam a2200157 i 4500
001 55657
003 ES-MaACL
005 20230906163205.0
007 t|
008 030924s1916 fr ||||1| fre d
245 0 4 _aLes dessous de la politique en Orient /
_cpar un allemand ; traduit de l'anglais avec preface par Henry Bennet.
260 _aParis :
_bPlon, Nourrit et Cie,
_c1916.
300 _aXLI, 268 p. ;
_c15 cm.
700 1 _aBonnet, Henry.
_930264
852 _aES-MaACL
_jF-1364
999 _c55657
_d55657